Transformace nebo likvidace Poznámky k vývoji českého družstevnictví po listopadu 1989

Genéza českého družstevníctva. Hodnotenie vývoja družstevníctva ČR pred a po r.1945. Administratívne zásahy do slobody rozvoja družstevníctva. Transformácia družstevníctva po r.1989.

Salvato in:
Dettagli Bibliografici
Autore principale: Karen, O.
Natura: Capitolo di libro
Lingua:ceco
Soggetti:
Tags: Aggiungi Tag
Nessun Tag, puoi essere il primo ad aggiungerne!!

MARC

LEADER 00000naa a2200000 4500
001 r016713
005 20221205102413.4
041 0 |a cze 
044 |a CZ 
245 1 0 |a Transformace nebo likvidace  |b Poznámky k vývoji českého družstevnictví po listopadu 1989  |c O. Karen 
520 |a Genéza českého družstevníctva. Hodnotenie vývoja družstevníctva ČR pred a po r.1945. Administratívne zásahy do slobody rozvoja družstevníctva. Transformácia družstevníctva po r.1989. 
610 2 0 |a družstevníctvo 
610 2 0 |a družstvá 
610 2 0 |a Česko 
610 2 0 |a história 
610 2 0 |a 1918-1945 
610 2 0 |a 1945-1989 
610 2 0 |a transformácia 
610 2 0 |a 1989-1995 
100 1 |a Karen, O.